000 00781nam a2200217 a 4500
001 000238249
003 AM-YeHGA
005 20250618071613.0
008 030623s1948 ai a||||||||||||||1|arm|d
040 _aAM-YeHGA
041 0 _aarm
100 1 _aԱտրպետ,
_d1860-1937
_9971
245 1 0 _aՏժվժիկ :
_b[Պատմվածք] /
_cԱտրպետ ; Նկ.՝ Հովհ. Շավարշ.
260 _aԵրևան :
_bՀայպետհրատ,
_c1948.
300 _a25 էջ :
_bնկ. ;
_c25 սմ.
650 1 4 _aՀայ գրականություն
_xՊատմվածք
700 1 _aՀովհաննես, Շավարշ,
_d1908-1980
_eնկ.
_4art
_91988
856 4 1 _uhttps://arar.sci.am/dlibra/publication/399416/edition/369580/content
_yԿարդալ առցանց
942 _2udc
_cBK
090 _c85579
999 _c84302
_d84302